| 000 | 01094nam0a22002771 4500 | ||
|---|---|---|---|
| 001 | rc\3291466 | ||
| 005 | 20250609204751.0 | ||
| 021 |
_aRU _b[73-68531] |
||
| 035 | _a(NLR Aleph) 007496634 | ||
| 090 |
_a7652619 _c7652619 |
||
| 100 | _a20130115d1973 |||y0rusy50 ca | ||
| 101 | 0 | _arus | |
| 102 | _aRU | ||
| 105 | _aa z ||||| | ||
| 200 | 1 | _aМашинные методы проектирования систем автоматического управления | |
| 210 |
_aЛенинград _cМашиностроение. [Ленингр. отд-ние] _d1973 |
||
| 215 |
_a256 с. _cчерт. _d22 |
||
| 320 | _aСписок лит.: с. 255 (23 назв.) | ||
| 606 |
_aАвтоматические системы управления _xПроектирование _xМатематические методы _2psbo |
||
| 700 | 1 |
_aШестихин _bО.Ф. _gОлег Федорович |
|
| 701 | 1 |
_aЭнгель _bР.В. _gРудольф Вольдемарович |
|
| 801 | 0 |
_aRU _bNLR _gpsbo |
|
| 801 | 1 |
_aRU _bELAR _2rusmarc |
|
| 852 |
_aNLR _j73-5/3753 |
||
| 942 | _cBOOK | ||
| 980 | _aNB | ||